[Event "Is Bankasi Online Satranc Turn.19-20 YAS"]
[Site "T#646377Mustafa Kemal"]
[Date "2020.05.27"]
[Round "6"]
[White "Abdullahdoguka16"]
[Black "Koraypehlivano52"]
[Result "1-0"]
[WhiteElo "1673"]
[BlackElo "1473"]
[Annotator "NA RC"]
[PlyCount "109"]
[EventDate "2020.05.27"]
[EventType "swiss (blitz)"]

1. e4 {[%emt 0:00:04]} e5 {[%emt 0:00:02]} 2. Nf3 {[%emt 0:00:01]} Nc6 {[%emt 0:00:02]} 3. Bb5 {[%emt 0:00:02]} Nd4 {[%emt 0:00:02]} 4. Bc4 {[%emt 0:00:01]} Nxf3+ {[%emt 0:00:03]} 5. Qxf3 {[%emt 0:00:00]} f6 {[%emt 0:00:01]} 6. O-O {[%emt 0:00:04]} c6 {[%emt 0:00:06]} 7. Qb3 {[%emt 0:00:01]} Qe7 {[%emt 0:00:06]} 8. Bxg8 {[%emt 0:00:02]} g5 {[%emt 0:00:27]} 9. Bc4 {[%emt 0:00:04]} b5 {[%emt 0:00:04]} 10. Be2 {[%emt 0:00:03]} h5 {[%emt 0:00:08]} 11. Nc3 {[%emt 0:00:03]} h4 {[%emt 0:00:06]} 12. h3 {[%emt 0:00:02]} d6 {[%emt 0:00:04]} 13. d3 {[%emt 0:00:01]} Qg7 {[%emt 0:00:16]} 14. a4 {[%emt 0:00:08]} bxa4 {[%emt 0:00:17]} 15. Qxa4 {[%emt 0:00:02]} Bd7 {[%emt 0:00:04]} 16. Bg4 {[%emt 0:00:10]} Rd8 {[%emt 0:00:15]} 17. Qxa7 {[%emt 0:00:07]} Bxg4 {[%emt 0:00:03]} 18. Qxg7 {[%emt 0:00:05]} Bxg7 {[%emt 0:00:02]} 19. hxg4 {[%emt 0:00:00]} h3 {[%emt 0:00:02]} 20. gxh3 {[%emt 0:00:02]} Rxh3 {[%emt 0:00:02]} 21. Kg2 {[%emt 0:00:00]} Rh4 {[%emt 0:00:02]} 22. f3 {[%emt 0:00:04]} d5 {[%emt 0:00:05]} 23. Ra7 {[%emt 0:00:06]} Bf8 {[%emt 0:00:14]} 24. Rh1 {[%emt 0:00:03]} Rxh1 {[%emt 0:00:04]} 25. Kxh1 {[%emt 0:00:00]} dxe4 {[%emt 0:00:01]} 26. dxe4 {[%emt 0:00:00]} Bc5 {[%emt 0:00:03]} 27. Rh7 {[%emt 0:00:02]} Bb4 {[%emt 0:00:09]} 28. Rh8+ {[%emt 0:00:01]} Ke7 {[%emt 0:00:05]} 29. Rxd8 {[%emt 0:00:02]} Kxd8 {[%emt 0:00:00]} 30. Kg2 {[%emt 0:00:01]} Bc5 {[%emt 0:00:11]} 31. Kf1 {[%emt 0:00:02]} Kd7 {[%emt 0:00:05]} 32. Ke2 {[%emt 0:00:00]} Bd4 {[%emt 0:00:02]} 33. Be3 {[%emt 0:00:01]} c5 {[%emt 0:00:05]} 34. Bxd4 {[%emt 0:00:01]} cxd4 {[%emt 0:00:01]} 35. Nd5 {[%emt 0:00:00]} Ke6 {[%emt 0:00:02]} 36. Kd3 {[%emt 0:00:00]} Kf7 {[%emt 0:00:05]} 37. b4 {[%emt 0:00:01]} Ke6 {[%emt 0:00:01]} 38. b5 {[%emt 0:00:00]} Kd6 {[%emt 0:00:02]} 39. Kc4 {[%emt 0:00:00]} Kd7 {[%emt 0:00:07]} 40. Nxf6+ {[%emt 0:00:01]} Kd6 {[%emt 0:00:03]} 41. b6 {[%emt 0:00:02]} Kc6 {[%emt 0:00:01]} 42. Nh7 {[%emt 0:00:04]} Kxb6 {[%emt 0:00:02]} 43. Nxg5 {[%emt 0:00:00]} Kc6 {[%emt 0:00:01]} 44. Nf7 {[%emt 0:00:04]} Kd7 {[%emt 0:00:02]} 45. Nxe5+ {[%emt 0:00:02]} Ke6 {[%emt 0:00:01]} 46. Kxd4 {[%emt 0:00:00]} Kf6 {[%emt 0:00:02]} 47. f4 {[%emt 0:00:01]} Ke6 {[%emt 0:00:01]} 48. c4 {[%emt 0:00:00]} Kd6 {[%emt 0:00:03]} 49. c5+ {[%emt 0:00:00]} Ke7 {[%emt 0:00:05]} 50. c6 {[%emt 0:00:00]} Kd8 {[%emt 0:00:02]} 51. g5 {[%emt 0:00:02]} Ke8 {[%emt 0:00:05]} 52. g6 {[%emt 0:00:01]} Kd8 {[%emt 0:00:04]} 53. g7 {[%emt 0:00:01]} Ke7 {[%emt 0:00:02]} 54. g8=Q {[%emt 0:00:03]} Kf6 {[%emt 0:00:01]} 55. Qf7# {[%emt 0:00:02] (Lag: Av=0.96s, max=1.5s)} 1-0

[Event "Is Bankasi Online Satranc Turn.19-20 YAS"]
[Site "T#646377Mustafa Kemal"]
[Date "2020.05.27"]
[Round "6"]
[White "Egekargin94"]
[Black "Kadirakin18"]
[Result "0-1"]
[WhiteElo "1610"]
[BlackElo "1782"]
[Annotator "NA RC"]
[PlyCount "140"]
[EventDate "2020.05.27"]
[EventType "swiss (blitz)"]

1. e4 {[%emt 0:00:06]} c5 {[%emt 0:00:02]} 2. Nf3 {[%emt 0:00:01]} e6 {[%emt 0:00:04]} 3. Nc3 {[%emt 0:00:00]} a6 {[%emt 0:00:03]} 4. d4 {[%emt 0:00:01]} cxd4 {[%emt 0:00:02]} 5. Nxd4 {[%emt 0:00:01]} d6 {[%emt 0:00:20]} 6. Be3 {[%emt 0:00:02]} Nf6 {[%emt 0:00:01]} 7. Bd3 {[%emt 0:00:02]} Be7 {[%emt 0:00:05]} 8. O-O {[%emt 0:00:01]} b5 {[%emt 0:00:04]} 9. a3 {[%emt 0:00:02]} Bb7 {[%emt 0:00:03]} 10. Nf3 {[%emt 0:00:01]} O-O {[%emt 0:00:05]} 11. Qd2 {[%emt 0:00:04]} Nbd7 {[%emt 0:00:04]} 12. b4 {[%emt 0:00:04]} Rc8 {[%emt 0:00:04]} 13. Rad1 {[%emt 0:00:03]} Qc7 {[%emt 0:00:04]} 14. Ne2 {[%emt 0:00:27]} Nxe4 {[%emt 0:00:03]} 15. Qc1 {[%emt 0:00:06]} Ndf6 {[%emt 0:00:14]} 16. Ng5 {[%emt 0:00:02]} Nc3 {[%emt 0:00:16]} 17. Nxc3 {[%emt 0:00:11]} Qxc3 {[%emt 0:00:04]} 18. Bd4 {[%emt 0:00:02]} Qc6 {[%emt 0:00:04]} 19. f3 {[%emt 0:00:02]} h6 {[%emt 0:00:17]} 20. Bxf6 {[%emt 0:00:06]} Bxf6 {[%emt 0:00:03]} 21. Ne4 {[%emt 0:00:02]} Bd4+ {[%emt 0:00:06]} 22. Kh1 {[%emt 0:00:02]} d5 {[%emt 0:00:01]} 23. Ng3 {[%emt 0:00:05]} Bf6 {[%emt 0:00:15]} 24. Nh5 {[%emt 0:00:04]} Bg5 {[%emt 0:00:03]} 25. f4 {[%emt 0:00:01]} Be7 {[%emt 0:00:12]} 26. f5 {[%emt 0:00:03]} exf5 {[%emt 0:00:06]} 27. Qf4 {[%emt 0:00:24]} Bg5 {[%emt 0:00:08]} 28. Qxf5 {[%emt 0:00:14]} g6 {[%emt 0:00:10]} 29. Nf6+ {[%emt 0:00:04]} Kg7 {[%emt 0:00:17]} 30. Nh5+ {[%emt 0:00:08]} Kh8 {[%emt 0:00:23]} 31. Qe5+ {[%emt 0:00:02]} f6 {[%emt 0:00:00]} 32. Qe7 {[%emt 0:00:05]} Qc7 {[%emt 0:00:02]} 33. Qxc7 {[%emt 0:00:06]} Rxc7 {[%emt 0:00:00]} 34. Bxg6 {[%emt 0:00:01]} Rc3 {[%emt 0:00:08]} 35. Rf3 {[%emt 0:00:14]} Rxf3 {[%emt 0:00:03]} 36. gxf3 {[%emt 0:00:00]} Rd8 {[%emt 0:00:02]} 37. Kg2 {[%emt 0:00:04]} Kg8 {[%emt 0:00:02]} 38. Bf5 {[%emt 0:00:03]} Be3 {[%emt 0:00:09]} 39. Nxf6+ {[%emt 0:00:02]} Kf7 {[%emt 0:00:00]} 40. Ng4 {[%emt 0:00:02]} Bf4 {[%emt 0:00:04]} 41. Bd3 {[%emt 0:00:02]} d4 {[%emt 0:00:02]} 42. Re1 {[%emt 0:00:02]} Rd5 {[%emt 0:00:06]} 43. Be4 {[%emt 0:00:02]} Rd7 {[%emt 0:00:01]} 44. Bf5 {[%emt 0:00:01]} Re7 {[%emt 0:00:01]} 45. Rxe7+ {[%emt 0:00:06]} Kxe7 {[%emt 0:00:00]} 46. Kf2 {[%emt 0:00:01]} Bc1 {[%emt 0:00:01]} 47. h4 {[%emt 0:00:05]} Bxa3 {[%emt 0:00:00]} 48. Nxh6 {[%emt 0:00:02]} Bxb4 {[%emt 0:00:01]} 49. Be4 {[%emt 0:00:01]} Bc8 {[%emt 0:00:01]} 50. Ke2 {[%emt 0:00:02]} a5 {[%emt 0:00:01]} 51. Kd3 {[%emt 0:00:08]} a4 {[%emt 0:00:01]} 52. Bd5 {[%emt 0:00:02]} Be6 {[%emt 0:00:02]} 53. Ng8+ {[%emt 0:00:02]} Kd6 {[%emt 0:00:03]} 54. Bxe6 {[%emt 0:00:02]} Kxe6 {[%emt 0:00:00]} 55. h5 {[%emt 0:00:07]} a3 {[%emt 0:00:05]} 56. h6 {[%emt 0:00:02]} Bf8 {[%emt 0:00:09]} 57. h7 {[%emt 0:00:06]} Bg7 {[%emt 0:00:01]} 58. f4 {[%emt 0:00:01]} a2 {[%emt 0:00:01]} 59. Ke4 {[%emt 0:00:01]} a1=Q {[%emt 0:00:01]} 60. f5+ {[%emt 0:00:00]} Kd6 {[%emt 0:00:04]} 61. f6 {[%emt 0:00:00]} Qe1+ {[%emt 0:00:01]} 62. Kf5 {[%emt 0:00:00]} Qf2+ {[%emt 0:00:01]} 63. Kg6 {[%emt 0:00:00]} Qg3+ {[%emt 0:00:01]} 64. Kf7 {[%emt 0:00:01]} Bh8 {[%emt 0:00:01]} 65. Ne7 {[%emt 0:00:01]} Qe5 {[%emt 0:00:04]} 66. Nc8+ {[%emt 0:00:08]} Kc7 {[%emt 0:00:02]} 67. Ne7 {[%emt 0:00:01]} Qxf6+ {[%emt 0:00:01]} 68. Ke8 {[%emt 0:00:00]} Qe6 {[%emt 0:00:06]} 69. Kf8 {[%emt 0:00:01]} Kd7 {[%emt 0:00:01]} 70. Ng8 {[%emt 0:00:04]} Qe8# {[%emt 0:00:01] (Lag: Av=0.61s, max=1.1s)} 0-1

[Event "Is Bankasi Online Satranc Turn.19-20 YAS"]
[Site "T#646377Mustafa Kemal"]
[Date "2020.05.27"]
[Round "6"]
[White "Hamitalphanmet52"]
[Black "ahmetosmanonar60"]
[Result "1-0"]
[WhiteElo "1419"]
[BlackElo "1540"]
[Annotator "NA RC"]
[PlyCount "91"]
[EventDate "2020.05.27"]
[EventType "swiss (blitz)"]

1. e4 {[%emt 0:00:04]} c6 {[%emt 0:00:01]} 2. d4 {[%emt 0:00:01]} d5 {[%emt 0:00:01]} 3. Nc3 {[%emt 0:00:01]} dxe4 {[%emt 0:00:03]} 4. Nxe4 {[%emt 0:00:02]} Bf5 {[%emt 0:00:01]} 5. Ng3 {[%emt 0:00:09]} Bg6 {[%emt 0:00:02]} 6. Nf3 {[%emt 0:00:05]} Nf6 {[%emt 0:00:03]} 7. Bd3 {[%emt 0:00:05]} e6 {[%emt 0:00:09]} 8. Bg5 {[%emt 0:00:05]} Be7 {[%emt 0:00:03]} 9. O-O {[%emt 0:00:06]} Bxd3 {[%emt 0:00:06]} 10. Qxd3 {[%emt 0:00:04]} h6 {[%emt 0:00:01]} 11. Bxf6 {[%emt 0:00:03]} Bxf6 {[%emt 0:00:02]} 12. c3 {[%emt 0:00:03]} c5 {[%emt 0:00:08]} 13. Rad1 {[%emt 0:00:09]} cxd4 {[%emt 0:00:05]} 14. Nxd4 {[%emt 0:00:03]} O-O {[%emt 0:00:08]} 15. Qe4 {[%emt 0:00:20]} Qb6 {[%emt 0:00:25]} 16. b4 {[%emt 0:00:25]} Nc6 {[%emt 0:00:03]} 17. Nxc6 {[%emt 0:00:05]} Qxc6 {[%emt 0:00:02]} 18. Qxc6 {[%emt 0:00:03]} bxc6 {[%emt 0:00:00]} 19. Ne4 {[%emt 0:00:05]} Be5 {[%emt 0:00:39]} 20. f4 {[%emt 0:00:04]} Bc7 {[%emt 0:00:03]} 21. Nc5 {[%emt 0:00:05]} Rfd8 {[%emt 0:00:23]} 22. g3 {[%emt 0:00:06]} Bb6 {[%emt 0:00:08]} 23. Kg2 {[%emt 0:00:08]} Bxc5 {[%emt 0:00:07]} 24. bxc5 {[%emt 0:00:01]} Kf8 {[%emt 0:00:01]} 25. Rd6 {[%emt 0:00:17]} Rxd6 {[%emt 0:00:12]} 26. cxd6 {[%emt 0:00:02]} Ke8 {[%emt 0:00:07]} 27. c4 {[%emt 0:00:04]} Kd7 {[%emt 0:00:10]} 28. c5 {[%emt 0:00:01]} Rb8 {[%emt 0:00:03]} 29. Rf2 {[%emt 0:00:10]} Rb5 {[%emt 0:00:03]} 30. Rc2 {[%emt 0:00:01]} a5 {[%emt 0:00:02]} 31. Kf3 {[%emt 0:00:10]} a4 {[%emt 0:00:02]} 32. Rc4 {[%emt 0:00:15]} f6 {[%emt 0:00:14]} 33. Ke4 {[%emt 0:00:07]} g6 {[%emt 0:00:02]} 34. Kd4 {[%emt 0:00:06]} Rb6 {[%emt 0:00:14]} 35. Rxa4 {[%emt 0:00:04]} Rb2 {[%emt 0:00:08]} 36. Ra7+ {[%emt 0:00:03]} Kc8 {[%emt 0:00:02]} 37. h4 {[%emt 0:00:06]} Rd2+ {[%emt 0:00:05]} 38. Kc3 {[%emt 0:00:03]} Rd5 {[%emt 0:00:03]} 39. Kb4 {[%emt 0:00:03]} Rd3 {[%emt 0:00:03]} 40. Ra3 {[%emt 0:00:04]} Rd4+ {[%emt 0:00:03]} 41. Ka5 {[%emt 0:00:04]} Rc4 {[%emt 0:00:01]} 42. Kb6 {[%emt 0:00:01]} Rc2 {[%emt 0:00:02]} 43. Ra8+ {[%emt 0:00:02]} Kd7 {[%emt 0:00:04]} 44. Ra7+ {[%emt 0:00:06]} Kc8 {[%emt 0:00:02]} 45. Kxc6 {[%emt 0:00:07]} Rc3 {[%emt 0:00:04]} 46. Ra8# {[%emt 0:00:02] (Lag: Av=0.78s, max=2.3s)} 1-0

[Event "Is Bankasi Online Satranc Turn.19-20 YAS"]
[Site "T#646377Mustafa Kemal"]
[Date "2020.05.27"]
[Round "7"]
[White "dincertasdogen32"]
[Black "Ahmettahainal50"]
[Result "1-0"]
[WhiteElo "1888"]
[BlackElo "1481"]
[Annotator "NA RC"]
[PlyCount "49"]
[EventDate "2020.05.27"]
[EventType "swiss (blitz)"]

1. e4 {[%emt 0:00:01]} e5 {[%emt 0:00:02]} 2. Nf3 {[%emt 0:00:02]} Nc6 {[%emt 0:00:02]} 3. Nc3 {[%emt 0:00:01]} Nf6 {[%emt 0:00:02]} 4. Bb5 {[%emt 0:00:00]} Bc5 {[%emt 0:00:04]} 5. Nxe5 {[%emt 0:00:01]} Nxe5 {[%emt 0:00:03]} 6. d4 {[%emt 0:00:01]} Bxd4 {[%emt 0:00:03]} 7. Qxd4 {[%emt 0:00:01]} Qe7 {[%emt 0:00:01]} 8. Bg5 {[%emt 0:00:02]} O-O {[%emt 0:00:03]} 9. Nd5 {[%emt 0:00:01]} Qd6 {[%emt 0:00:07]} 10. Nxf6+ {[%emt 0:00:06]} gxf6 {[%emt 0:00:06]} 11. Qxd6 {[%emt 0:00:01]} cxd6 {[%emt 0:00:02]} 12. Bxf6 {[%emt 0:00:00]} Re8 {[%emt 0:00:04]} 13. O-O-O {[%emt 0:00:02]} Re6 {[%emt 0:00:04]} 14. Bxe5 {[%emt 0:00:12]} Rxe5 {[%emt 0:00:05]} 15. Bd3 {[%emt 0:00:00]} b6 {[%emt 0:00:05]} 16. f3 {[%emt 0:00:05]} Bb7 {[%emt 0:00:04]} 17. Bc4 {[%emt 0:00:02]} Rc8 {[%emt 0:00:04]} 18. Bb3 {[%emt 0:00:01]} Bc6 {[%emt 0:00:04]} 19. Rxd6 {[%emt 0:00:01]} Kf8 {[%emt 0:00:03]} 20. Rhd1 {[%emt 0:00:05]} Ke7 {[%emt 0:00:05]} 21. Rh6 {[%emt 0:00:03]} a5 {[%emt 0:00:05]} 22. Rxh7 {[%emt 0:00:02]} a4 {[%emt 0:00:05]} 23. Bxf7 {[%emt 0:00:01]} Bb5 {[%emt 0:00:06]} 24. Bc4+ {[%emt 0:00:02]} Ke8 {[%emt 0:00:05]} 25. Rh8+ {[%emt 0:00:02] Ahmettahainal50 terk eder (Lag: Av=0.86s, max=1.4s)} 1-0

[Event "Is Bankasi Online Satranc Turn.19-20 YAS"]
[Site "T#646377Mustafa Kemal"]
[Date "2020.05.27"]
[Round "7"]
[White "Kadirakin18"]
[Black "Berkerenkalayc80"]
[Result "1/2-1/2"]
[WhiteElo "1819"]
[BlackElo "1495"]
[Annotator "NA RC"]
[PlyCount "77"]
[EventDate "2020.05.27"]
[EventType "swiss (blitz)"]

1. e4 {[%emt 0:00:04]} e5 {[%emt 0:00:01]} 2. Nf3 {[%emt 0:00:01]} Nf6 {[%emt 0:00:01]} 3. Nxe5 {[%emt 0:00:02]} Qe7 {[%emt 0:00:01]} 4. Nf3 {[%emt 0:00:03]} Nxe4 {[%emt 0:00:01]} 5. Be2 {[%emt 0:00:04]} d5 {[%emt 0:00:02]} 6. O-O {[%emt 0:00:02]} Qd7 {[%emt 0:00:06]} 7. Re1 {[%emt 0:00:08]} Be7 {[%emt 0:00:03]} 8. Nc3 {[%emt 0:00:02]} Nxc3 {[%emt 0:00:02]} 9. dxc3 {[%emt 0:00:00]} O-O {[%emt 0:00:02]} 10. Ne5 {[%emt 0:00:02]} Qd8 {[%emt 0:00:03]} 11. Bf3 {[%emt 0:00:02]} Be6 {[%emt 0:00:02]} 12. Bf4 {[%emt 0:00:03]} Nc6 {[%emt 0:00:02]} 13. Nxc6 {[%emt 0:00:01]} bxc6 {[%emt 0:00:01]} 14. Qd3 {[%emt 0:00:07]} Bd6 {[%emt 0:00:01]} 15. Bg3 {[%emt 0:00:03]} Bxg3 {[%emt 0:00:02]} 16. hxg3 {[%emt 0:00:00]} c5 {[%emt 0:00:05]} 17. Rad1 {[%emt 0:00:04]} c6 {[%emt 0:00:02]} 18. Qe3 {[%emt 0:00:10]} c4 {[%emt 0:00:07]} 19. Rd4 {[%emt 0:00:11]} Qc8 {[%emt 0:00:12]} 20. Rh4 {[%emt 0:00:02]} Re8 {[%emt 0:00:07]} 21. Qd4 {[%emt 0:00:04]} Bf5 {[%emt 0:00:08]} 22. Rxe8+ {[%emt 0:00:17]} Qxe8 {[%emt 0:00:03]} 23. Rf4 {[%emt 0:00:04]} Be6 {[%emt 0:00:08]} 24. b3 {[%emt 0:00:13]} cxb3 {[%emt 0:00:34]} 25. cxb3 {[%emt 0:00:06]} Qd7 {[%emt 0:00:04]} 26. b4 {[%emt 0:00:03]} a5 {[%emt 0:00:07]} 27. a3 {[%emt 0:00:06]} axb4 {[%emt 0:00:01]} 28. axb4 {[%emt 0:00:00]} Bf5 {[%emt 0:00:10]} 29. Qc5 {[%emt 0:00:20]} Qe6 {[%emt 0:00:05]} 30. b5 {[%emt 0:00:07]} g5 {[%emt 0:00:20]} 31. Rd4 {[%emt 0:01:03]} Qe1+ {[%emt 0:00:42]} 32. Kh2 {[%emt 0:00:03]} Ra1 {[%emt 0:00:04]} 33. Rd1 {[%emt 0:00:14]} Rxd1 {[%emt 0:00:18]} 34. Bxd1 {[%emt 0:00:00]} Qxd1 {[%emt 0:00:00]} 35. b6 {[%emt 0:00:04]} Qh5+ {[%emt 0:00:02]} 36. Kg1 {[%emt 0:00:01]} Qd1+ {[%emt 0:00:07]} 37. Kh2 {[%emt 0:00:01]} Qh5+ {[%emt 0:00:10]} 38. Kg1 {[%emt 0:00:01]} Qd1+ {[%emt 0:00:00]} 39. Kh2 {[%emt 0:00:01] (Lag: Av=0.55s, max=0.7s)} 1/2-1/2

[Event "Is Bankasi Online Satranc Turn.19-20 YAS"]
[Site "T#646377Mustafa Kemal"]
[Date "2020.05.27"]
[Round "7"]
[White "Okanozsakallio94"]
[Black "Halityavuzibik00"]
[Result "1-0"]
[WhiteElo "1798"]
[BlackElo "1641"]
[Annotator "NA RC"]
[PlyCount "65"]
[EventDate "2020.05.27"]
[EventType "swiss (blitz)"]

1. e4 {[%emt 0:00:06]} c5 {[%emt 0:00:08]} 2. Nf3 {[%emt 0:00:01]} d6 {[%emt 0:00:01]} 3. d4 {[%emt 0:00:00]} cxd4 {[%emt 0:00:00]} 4. Nxd4 {[%emt 0:00:00]} Nf6 {[%emt 0:00:01]} 5. Nc3 {[%emt 0:00:00]} a6 {[%emt 0:00:00]} 6. a3 {[%emt 0:00:07]} Qc7 {[%emt 0:00:05]} 7. Be3 {[%emt 0:00:10]} b5 {[%emt 0:00:08]} 8. f3 {[%emt 0:00:06]} Bb7 {[%emt 0:00:02]} 9. Qd2 {[%emt 0:00:02]} e6 {[%emt 0:00:04]} 10. g4 {[%emt 0:00:01]} h6 {[%emt 0:00:14]} 11. h4 {[%emt 0:00:07]} d5 {[%emt 0:00:34]} 12. exd5 {[%emt 0:00:03]} Nxd5 {[%emt 0:00:02]} 13. Nxd5 {[%emt 0:00:01]} Bxd5 {[%emt 0:00:01]} 14. O-O-O {[%emt 0:00:01]} Nd7 {[%emt 0:00:23]} 15. Be2 {[%emt 0:00:21]} Rc8 {[%emt 0:00:07]} 16. g5 {[%emt 0:00:05]} Ne5 {[%emt 0:00:21]} 17. Kb1 {[%emt 0:01:25]} Nc4 {[%emt 0:00:05]} 18. Bxc4 {[%emt 0:00:02]} bxc4 {[%emt 0:00:00]} 19. Qc3 {[%emt 0:00:06]} hxg5 {[%emt 0:00:48]} 20. hxg5 {[%emt 0:00:03]} Rg8 {[%emt 0:00:01]} 21. g6 {[%emt 0:00:12]} Bc5 {[%emt 0:00:20]} 22. Rhe1 {[%emt 0:00:06]} Qe7 {[%emt 0:00:16]} 23. f4 {[%emt 0:00:04]} Rb8 {[%emt 0:00:02]} 24. Ka1 {[%emt 0:00:01]} Bxd4 {[%emt 0:00:03]} 25. Bxd4 {[%emt 0:00:02]} f6 {[%emt 0:00:01]} 26. Bxf6 {[%emt 0:00:03]} gxf6 {[%emt 0:00:02]} 27. Rxd5 {[%emt 0:00:01]} Rxg6 {[%emt 0:00:01]} 28. f5 {[%emt 0:00:02]} Rg1 {[%emt 0:00:05]} 29. Rxg1 {[%emt 0:00:04]} exd5 {[%emt 0:00:01]} 30. Rg8+ {[%emt 0:00:01]} Kf7 {[%emt 0:00:01]} 31. Rxb8 {[%emt 0:00:01]} Qc7 {[%emt 0:00:01]} 32. Rh8 {[%emt 0:00:03]} Kg7 {[%emt 0:00:02]} 33. Qh3 {[%emt 0:00:01] Halityavuzibik00 terk eder (Lag: Av=0.54s, max=1.1s)} 1-0

[Event "Is Bankasi Online Satranc Turn.19-20 YAS"]
[Site "T#646377Mustafa Kemal"]
[Date "2020.05.27"]
[Round "7"]
[White "Abdullahdoguka16"]
[Black "Egekargin94"]
[Result "1-0"]
[WhiteElo "1706"]
[BlackElo "1574"]
[Annotator "NA RC"]
[PlyCount "85"]
[EventDate "2020.05.27"]
[EventType "swiss (blitz)"]

1. e4 {[%emt 0:00:03]} e6 {[%emt 0:00:02]} 2. d4 {[%emt 0:00:02]} d5 {[%emt 0:00:00]} 3. Nd2 {[%emt 0:00:02]} dxe4 {[%emt 0:00:01]} 4. Nxe4 {[%emt 0:00:01]} Nc6 {[%emt 0:00:01]} 5. Nf3 {[%emt 0:00:17]} Nf6 {[%emt 0:00:04]} 6. Bd3 {[%emt 0:00:09]} Be7 {[%emt 0:00:05]} 7. O-O {[%emt 0:00:02]} h6 {[%emt 0:00:04]} 8. Re1 {[%emt 0:00:06]} O-O {[%emt 0:00:03]} 9. c3 {[%emt 0:00:07]} Nd5 {[%emt 0:00:12]} 10. Bc2 {[%emt 0:00:10]} f5 {[%emt 0:00:06]} 11. Nc5 {[%emt 0:00:05]} Bxc5 {[%emt 0:00:04]} 12. dxc5 {[%emt 0:00:00]} Qe7 {[%emt 0:00:05]} 13. b4 {[%emt 0:00:33]} a6 {[%emt 0:00:07]} 14. Bb3 {[%emt 0:00:06]} Nxc3 {[%emt 0:00:04]} 15. Qd3 {[%emt 0:00:08]} Ne4 {[%emt 0:00:04]} 16. a3 {[%emt 0:00:11]} Rd8 {[%emt 0:00:05]} 17. Qc4 {[%emt 0:00:10]} Qf6 {[%emt 0:00:14]} 18. Ra2 {[%emt 0:00:23]} Ne5 {[%emt 0:00:08]} 19. Nxe5 {[%emt 0:00:02]} Qxe5 {[%emt 0:00:00]} 20. f3 {[%emt 0:00:14]} Qc3 {[%emt 0:00:14]} 21. Rae2 {[%emt 0:00:30]} Qxc4 {[%emt 0:00:15]} 22. Bxc4 {[%emt 0:00:00]} Nc3 {[%emt 0:00:01]} 23. Bxe6+ {[%emt 0:00:06]} Kh8 {[%emt 0:00:03]} 24. Re3 {[%emt 0:00:07]} Nd1 {[%emt 0:00:07]} 25. Re5 {[%emt 0:00:05]} Bxe6 {[%emt 0:00:03]} 26. Rxe6 {[%emt 0:00:00]} Kh7 {[%emt 0:00:04]} 27. Re7 {[%emt 0:00:02]} Rac8 {[%emt 0:00:05]} 28. Bf4 {[%emt 0:00:01]} Nc3 {[%emt 0:00:03]} 29. Be5 {[%emt 0:00:01]} Rg8 {[%emt 0:00:18]} 30. Bxc3 {[%emt 0:00:02]} b6 {[%emt 0:00:04]} 31. Rf7 {[%emt 0:00:02]} bxc5 {[%emt 0:00:04]} 32. bxc5 {[%emt 0:00:00]} c6 {[%emt 0:00:00]} 33. Ree7 {[%emt 0:00:01]} Rcf8 {[%emt 0:00:01]} 34. Rxg7+ {[%emt 0:00:01]} Rxg7 {[%emt 0:00:01]} 35. Rxg7+ {[%emt 0:00:00]} Kh8 {[%emt 0:00:00]} 36. Rf7+ {[%emt 0:00:01]} Kg8 {[%emt 0:00:01]} 37. Rxf8+ {[%emt 0:00:02]} Kxf8 {[%emt 0:00:00]} 38. Kf2 {[%emt 0:00:00]} Ke7 {[%emt 0:00:00]} 39. Ke3 {[%emt 0:00:00]} Ke6 {[%emt 0:00:00]} 40. Kd4 {[%emt 0:00:02]} h5 {[%emt 0:00:00]} 41. Bd2 {[%emt 0:00:01]} h4 {[%emt 0:00:01]} 42. Bg5 {[%emt 0:00:01]} h3 {[%emt 0:00:01]} 43. gxh3 {[%emt 0:00:01] Egekargin94 terk eder (Lag: Av=0.81s, max=1.5s)} 1-0

[Event "Is Bankasi Online Satranc Turn.19-20 YAS"]
[Site "T#646377Mustafa Kemal"]
[Date "2020.05.27"]
[Round "7"]
[White "Koraypehlivano52"]
[Black "Hamitalphanmet52"]
[Result "0-1"]
[WhiteElo "1439"]
[BlackElo "1515"]
[Annotator "NA RC"]
[PlyCount "112"]
[EventDate "2020.05.27"]
[EventType "swiss (blitz)"]

1. e4 {[%emt 0:00:02]} e5 {[%emt 0:00:01]} 2. Qh5 {[%emt 0:00:02]} Nf6 {[%emt 0:00:02]} 3. Qxe5+ {[%emt 0:00:02]} Qe7 {[%emt 0:00:04]} 4. Qxc7 {[%emt 0:00:02]} Nc6 {[%emt 0:00:11]} 5. Qg3 {[%emt 0:00:09]} Qxe4+ {[%emt 0:00:04]} 6. Kd1 {[%emt 0:00:05]} Qg6 {[%emt 0:00:14]} 7. Qe3+ {[%emt 0:00:11]} Be7 {[%emt 0:00:07]} 8. g3 {[%emt 0:00:07]} O-O {[%emt 0:00:05]} 9. Nf3 {[%emt 0:00:08]} Ng4 {[%emt 0:00:11]} 10. Qe2 {[%emt 0:00:10]} Re8 {[%emt 0:00:21]} 11. h3 {[%emt 0:00:33]} Nf6 {[%emt 0:00:12]} 12. Bg2 {[%emt 0:00:07]} Bc5 {[%emt 0:00:07]} 13. Qf1 {[%emt 0:00:12]} Ne4 {[%emt 0:00:12]} 14. d4 {[%emt 0:00:11]} Nxd4 {[%emt 0:00:21]} 15. Nxd4 {[%emt 0:00:03]} Bxd4 {[%emt 0:00:05]} 16. Bf3 {[%emt 0:00:15]} Nxf2+ {[%emt 0:00:04]} 17. Kd2 {[%emt 0:00:09]} Nxh1 {[%emt 0:00:09]} 18. Bxh1 {[%emt 0:00:06]} Be3+ {[%emt 0:00:04]} 19. Kd1 {[%emt 0:00:04]} Qd6+ {[%emt 0:00:06]} 20. Qd3 {[%emt 0:00:05]} Qxd3+ {[%emt 0:00:07]} 21. cxd3 {[%emt 0:00:01]} Bxc1 {[%emt 0:00:01]} 22. Kxc1 {[%emt 0:00:02]} d6 {[%emt 0:00:04]} 23. Nc3 {[%emt 0:00:04]} Bf5 {[%emt 0:00:03]} 24. Kc2 {[%emt 0:00:09]} Rac8 {[%emt 0:00:08]} 25. Bxb7 {[%emt 0:00:04]} Rc7 {[%emt 0:00:06]} 26. Ba6 {[%emt 0:00:06]} Re2+ {[%emt 0:00:04]} 27. Kb3 {[%emt 0:00:05]} Be6+ {[%emt 0:00:06]} 28. Bc4 {[%emt 0:00:05]} Bxc4+ {[%emt 0:00:17]} 29. dxc4 {[%emt 0:00:01]} Rb7+ {[%emt 0:00:04]} 30. Nb5 {[%emt 0:00:05]} Re3+ {[%emt 0:00:02]} 31. Ka4 {[%emt 0:00:04]} Rxg3 {[%emt 0:00:08]} 32. Re1 {[%emt 0:00:04]} h6 {[%emt 0:00:04]} 33. Nxd6 {[%emt 0:00:05]} Rd7 {[%emt 0:00:03]} 34. Re8+ {[%emt 0:00:04]} Kh7 {[%emt 0:00:03]} 35. Nb5 {[%emt 0:00:02]} Rxh3 {[%emt 0:00:02]} 36. Ra8 {[%emt 0:00:03]} Rd2 {[%emt 0:00:02]} 37. Nxa7 {[%emt 0:00:08]} Rxb2 {[%emt 0:00:01]} 38. Rc8 {[%emt 0:00:12]} Rxa2+ {[%emt 0:00:00]} 39. Kb4 {[%emt 0:00:01]} Rxa7 {[%emt 0:00:01]} 40. Rc5 {[%emt 0:00:03]} Rh4 {[%emt 0:00:02]} 41. Kc3 {[%emt 0:00:02]} f6 {[%emt 0:00:02]} 42. Kd3 {[%emt 0:00:02]} Rd7+ {[%emt 0:00:02]} 43. Kc3 {[%emt 0:00:01]} Rdd4 {[%emt 0:00:03]} 44. Kc2 {[%emt 0:00:04]} Rxc4+ {[%emt 0:00:03]} 45. Rxc4 {[%emt 0:00:01]} Rxc4+ {[%emt 0:00:00]} 46. Kd3 {[%emt 0:00:00]} Ra4 {[%emt 0:00:01]} 47. Ke3 {[%emt 0:00:01]} h5 {[%emt 0:00:01]} 48. Kf2 {[%emt 0:00:01]} Ra3 {[%emt 0:00:02]} 49. Kg2 {[%emt 0:00:00]} Kg6 {[%emt 0:00:03]} 50. Kh2 {[%emt 0:00:03]} Kf5 {[%emt 0:00:00]} 51. Kg2 {[%emt 0:00:02]} Kg4 {[%emt 0:00:00]} 52. Kh2 {[%emt 0:00:01]} h4 {[%emt 0:00:02]} 53. Kg2 {[%emt 0:00:01]} Ra2+ {[%emt 0:00:00]} 54. Kh1 {[%emt 0:00:01]} Kf3 {[%emt 0:00:00]} 55. Kg1 {[%emt 0:00:01]} Rb2 {[%emt 0:00:02]} 56. Kf1 {[%emt 0:00:02]} Rb1# {[%emt 0:00:01] (Lag: Av=0.71s, max=1.3s)} 0-1